Cargando…

Excavations at Stanground South, Peterborough prehistoric, Roman and post-medieval settlement along the margins of the fens.

This volume is a report of archaeological excavations at Stanground South undertaken by MOLA between September 2007 and November 2009 on behalf of Persimmon Homes (East Midlands) Ltd and in accordance with a programme of works overseen by CgMs Heritage. The work involved five areas of set-piece exca...

Descripción completa

Detalles Bibliográficos
Clasificación:Libro Electrónico
Autor principal: BOISMIER, WILLIAM A. TAYLOR, EDMUND. WOLFRAMM MURRAY, YVONNE
Formato: Electrónico eBook
Idioma:Inglés
Publicado: [S.l.] : ARCHAEOPRESS, 2021.
Temas:
Acceso en línea:Texto completo

MARC

LEADER 00000cam a2200000M 4500
001 JSTOR_on1239748639
003 OCoLC
005 20231005004200.0
006 m o d
007 cr |n|||||||||
008 210225s2021 xx o 0|| 0 eng d
040 |a YDX  |b eng  |c YDX  |d JSTOR  |d OCLCO  |d EBLCP  |d OCLCF  |d UKAHL  |d N$T  |d OCLCO  |d OCLCQ  |d OCLCO 
019 |a 1239982543 
020 |a 9781789698459  |q (electronic bk.) 
020 |a 1789698456  |q (electronic bk.) 
020 |z 1789698448 
020 |z 9781789698442 
029 1 |a AU@  |b 000068846446 
035 |a (OCoLC)1239748639  |z (OCoLC)1239982543 
037 |a 22573/ctv1gsdqnr  |b JSTOR 
050 4 |a DA690.P47 
082 0 4 |a 942.65  |2 23 
049 |a UAMI 
100 1 |a BOISMIER, WILLIAM A. TAYLOR, EDMUND. WOLFRAMM MURRAY, YVONNE. 
245 1 0 |a Excavations at Stanground South, Peterborough  |h [electronic resource] :  |b prehistoric, Roman and post-medieval settlement along the margins of the fens. 
260 |a [S.l.] :  |b ARCHAEOPRESS,  |c 2021. 
300 |a 1 online resource 
520 |a This volume is a report of archaeological excavations at Stanground South undertaken by MOLA between September 2007 and November 2009 on behalf of Persimmon Homes (East Midlands) Ltd and in accordance with a programme of works overseen by CgMs Heritage. The work involved five areas of set-piece excavation and a series of strip map and record areas. 
590 |a JSTOR  |b Books at JSTOR Demand Driven Acquisitions (DDA) 
590 |a JSTOR  |b Books at JSTOR All Purchased 
651 0 |a Peterborough (England)  |x Antiquities. 
650 0 |a Romans  |z England  |z Peterborough. 
650 0 |a Excavations (Archaeology)  |z England  |z Peterborough. 
650 6 |a Romains  |z Angleterre  |z Peterborough. 
650 6 |a Fouilles (Archéologie)  |z Angleterre  |z Peterborough. 
650 7 |a Antiquities  |2 fast 
650 7 |a Excavations (Archaeology)  |2 fast 
650 7 |a Romans  |2 fast 
651 7 |a England  |z Peterborough  |2 fast 
776 0 8 |i Print version:  |z 1789698448  |z 9781789698442  |w (OCoLC)1237396254 
856 4 0 |u https://jstor.uam.elogim.com/stable/10.2307/j.ctv1gt94g1  |z Texto completo 
938 |a Askews and Holts Library Services  |b ASKH  |n AH38344211 
938 |a YBP Library Services  |b YANK  |n 301951519 
938 |a ProQuest Ebook Central  |b EBLB  |n EBL6486724 
938 |a EBSCOhost  |b EBSC  |n 2757530 
994 |a 92  |b IZTAP